00325nam a2200121 450000500170000010000360001724500340005326400280008730000180011533600220013333700240015533800240017920260530113852.01 aT.K. Derry & Trevor I. Williams10aA Short History of Technology 1bOxford Paperbacksc1976 a782 páginas atexto2rdacontent asin medio2rdamedia avolumen2rdacarrier